South Eastern Kenya University

Library Online Public Access Catalogue


Marketing / (Record no. 8257)

MARC details
000 -LEADER
fixed length control field 00533cam a2200193 a 4500
020 ## - INTERNATIONAL STANDARD BOOK NUMBER
International Standard Book Number 9780077386436
020 ## - INTERNATIONAL STANDARD BOOK NUMBER
International Standard Book Number 0077386434
020 ## - INTERNATIONAL STANDARD BOOK NUMBER
International Standard Book Number 9780073404875
020 ## - INTERNATIONAL STANDARD BOOK NUMBER
International Standard Book Number 007340487X
050 00 - LIBRARY OF CONGRESS CALL NUMBER
Classification number HF 5415
Item number .G67 2011
100 1# - MAIN ENTRY--PERSONAL NAME
Personal name Grewal, Dhruv.
245 10 - TITLE STATEMENT
Title Marketing /
Statement of responsibility, etc. Dhruv Grewal, Michael Levy.
250 ## - EDITION STATEMENT
Edition statement 2nd ed.
260 ## - PUBLICATION, DISTRIBUTION, ETC. (IMPRINT)
Place of publication, distribution, etc. New York :
Name of publisher, distributor, etc. McGraw Hill/Irwin,
Date of publication, distribution, etc. c2011.
300 ## - PHYSICAL DESCRIPTION
Extent x, 422 p. :
700 1# - ADDED ENTRY--PERSONAL NAME
Personal name Levy, Michael,
856 42 - ELECTRONIC LOCATION AND ACCESS
Uniform Resource Identifier <a href="http://www.loc.gov/catdir/enhancements/fy1013/2009940704-d.html">http://www.loc.gov/catdir/enhancements/fy1013/2009940704-d.html</a>
942 ## - ADDED ENTRY ELEMENTS (KOHA)
Source of classification or shelving scheme Library of Congress Classification
Koha item type General circulation
Holdings
Withdrawn status Lost status Source of classification or shelving scheme Damaged status Not for loan Home library Current library Shelving location Date acquired Source of acquisition Total Checkouts Full call number Barcode Date last seen Price effective from Koha item type Date last checked out Public note
    Library of Congress Classification     Kitui Town Campus Library Kitui Town Campus Library General Stacks 16/03/2016 Donation-books for Africa 1 HF 5415 .G7 2011 2016/010295 17/04/2023 16/03/2016 General circulation 17/03/2023 A.K.
    Library of Congress Classification     Main Campus Library Main Campus Library General Stacks 04/08/2015 Donation-Books for Africa   HF 5415 .G7 2011 2015/005188 04/08/2015 04/08/2015 General circulation    
Kitui, Kenya.
+254736116989
library@seku.ac.ke